| 000 | 00390nam a22001697a 4500 | ||
|---|---|---|---|
| 003 | SGT | ||
| 020 | _a9789386735997 | ||
| 082 |
_a615.53 _bS18P |
||
| 100 | _aPANDURANGA, M.N | ||
| 245 | _aSANSKRIT FOR BAMS | ||
| 250 | _a1ST | ||
| 260 |
_aVARANASI PUB _bCHAUKHAMBHA PUB _c2018 |
||
| 300 | _a198 | ||
| 650 | _aAYURVEDA SANSKRIT | ||
| 653 | _aSANSKRIT, BAMS SANSKRIT | ||
| 942 |
_2ddc _cBK _047 |
||
| 999 |
_c22629 _d22629 |
||